Te hi no divasa gata: gatisida sudinagalu. (Record no. 104323)

MARC details
000 -LEADER
fixed length control field 01824nam a2200217Ia 4500
003 - CONTROL NUMBER IDENTIFIER
control field OSt
005 - DATE AND TIME OF LATEST TRANSACTION
control field 20260606091847.0
008 - FIXED-LENGTH DATA ELEMENTS--GENERAL INFORMATION
fixed length control field 210210b2001 xxu||||| |||| 00| 0 eng d
040 ## - CATALOGING SOURCE
Transcribing agency AL
041 ## - LANGUAGE CODE
Language code of text/sound track or separate title Kannada
082 ## - DEWEY DECIMAL CLASSIFICATION NUMBER
Classification number 371.1092K ACHT
100 ## - MAIN ENTRY--PERSONAL NAME
Personal name ACHARYA (U L).
Dates associated with a name ಯು. ಎಲ್. ಆಚಾರ್ಯ
9 (RLIN) 265378
245 ## - TITLE STATEMENT
Title Te hi no divasa gata: gatisida sudinagalu.
Remainder of title ತೇ ಹಿನೋ ದಿವಸಾ ಗತಾ: ಗತಿಸಿದ ಸುದಿನಗಳು
260 ## - PUBLICATION, DISTRIBUTION, ETC.
Place of publication, distribution, etc. Udupi.
Name of publisher, distributor, etc. Rashtrakavi Govinda Pai Samshodhana Kendra.,
Date of publication, distribution, etc. 2001
300 ## - PHYSICAL DESCRIPTION
Extent xvi,198
520 ## - SUMMARY, ETC.
Summary, etc. ಇದು ಯು. ಎಲ್. ಆಚಾರ್ಯ ಅವರ ಜೀವನದ ನೆನಪುಗಳು ಮತ್ತು ಅನುಭವಗಳನ್ನು ಒಳಗೊಂಡ ಒಂದು ಆತ್ಮಕಥನಾತ್ಮಕ/ಜೀವನಚರಿತ್ರೆ (Biography) ಕೃತಿಯಾಗಿದೆ. ಮುಖ್ಯವಾಗಿ ಮಂಗಳೂರಿನ ಪ್ರಸಿದ್ಧ ಸೇಂಟ್ ಅಲೋಶಿಯಸ್ ಕಾಲೇಜು (St. Aloysius College) ಮತ್ತು ಶಿಕ್ಷಣ ಕ್ಷೇತ್ರದೊಂದಿಗಿನ ಅವರ ಒಡನಾಟ ಹಾಗೂ ಹಳೆಯ ಸುಂದರ ದಿನಗಳ ಸ್ಮರಣೆ ಇಲ್ಲಿದೆ.<br/>ಶೀರ್ಷಿಕೆಯ ಮಹತ್ವ: "ತೇ ಹಿನೋ ದಿವಸಾ ಗತಾ" ಎಂಬುದು ಸಂಸ್ಕೃತದ ಪ್ರಸಿದ್ಧ ಉಕ್ತಿ, ಇದರ ಅರ್ಥ "ಆ ದಿನಗಳು ಕಳೆದುಹೋದವು" (ಗತಿಸಿದ ಸುದಿನಗಳು) ಎಂದು. ಕಳೆದ ಹೋದ ಮಧುರ ದಿನಗಳ ನೆನಪನ್ನು ಈ ಕೃತಿ ಅನಾವರಣಗೊಳಿಸುತ್ತದೆ.
650 ## - SUBJECT ADDED ENTRY--TOPICAL TERM
Topical term or geographic name entry element Aloysius College
9 (RLIN) 265379
690 ## - LOCAL SUBJECT ADDED ENTRY--TOPICAL TERM (OCLC, RLIN)
Topical term or geographic name as entry element Biography
9 (RLIN) 265380
906 ## - LOCAL DATA ELEMENT F, LDF (RLIN)
a 057004
942 ## - ADDED ENTRY ELEMENTS (KOHA)
Source of classification or shelving scheme Dewey Decimal Classification
Koha item type Book
Holdings
Withdrawn status Lost status Source of classification or shelving scheme Damaged status Not for loan Collection code Home library Current library Shelving location Date acquired Source of acquisition Cost, normal purchase price Total Checkouts Full call number Barcode Date last seen Price effective from Koha item type
    Dewey Decimal Classification     Others St Aloysius Library St Aloysius Library   02/17/2021 Athree Book Centre, Mangalore-01. 100.00   371.1092K ACHT 057004 02/17/2021 02/17/2021 Book